000 00920cam a2200349 4500500
005 20260405003452.0
041 _afre
042 _adc
100 1 0 _aLacroix, Alexandre
_eauthor
245 0 0 _aAntonio Gramsci. Le pouvoir se conquiert sur le terrain des idées
260 _c2022.
500 _a88
690 _aDroite
690 _aFascisme
690 _aGauche
690 _aGramsci
690 _aGuerre
690 _aHegel
690 _aHégémonie
690 _aHistoire
690 _aIntellectuel
690 _aItalie
690 _aLutte des classes
690 _aMarxisme
690 _aPlace
690 _aPouvoir
690 _aPrison
690 _astratégie
690 _aUsine
786 0 _nPhilosophie magazine | 157 | 3 | 2022-03-01 | p. 24-26 | 1951-1787
856 4 1 _uhttps://shs.cairn.info/magazine-philosophie-magazine-2022-3-page-24?lang=fr&redirect-ssocas=7080
999 _c2067827
_d2067828